000
00296nam a22001337a 4500
020
_a
978-0-19-442096-9
082
_a
425
_b
SWA/P
100
_a
SWAN,MICHAEL
245
_a
PRACTICAL ENGLISH USAGE
260
_a
NEW YORK
_b
OXFORD
300
_a
653
650
_a
ENGLISH USAGE
_z
NEW YORK
942
_c
BK
999
_c
3867
_d
3867